Quick Pick: Star Wars Chronological Order Quiz Stats

 Plays Quiz Updated May 30, 2018

Challenge
Share
Tweet
Embed
Score 0/11 Timer 01:00
4 Plays Today
% Correct
The Phantom Menace
89.2%
Attack of the Clones
80.6%
Return of the Jedi
63%
A New Hope
63%
The Force Awakens
62.5%
Revenge of the Sith
61.6%
The Empire Strikes Back
61.2%
The Clone Wars
60.4%
Rogue One
55.7%
The Last Jedi
55.7%
Solo
44.3%

Today's Daily Dose

Missing Word
TV HA - HZ

Word Ladder
Nordic Capital

On This Day
January 19th II

You're not logged in!

Compare scores with friends on all Sporcle quizzes.
OR
Log In

You Might Also Like...

Show Comments

Extras

Top Quizzes Today


Score Distribution

Your Account Isn't Verified!

In order to create a playlist on Sporcle, you need to verify the email address you used during registration. Go to your Sporcle Settings to finish the process.

Report this User

Report this user for behavior that violates our Community Guidelines.

Details: